| Tag |
First Indicator |
Second Indicator |
Subfields |
| LEADER |
00000cam a22000004a 4500 |
| 001 |
in00004513613 |
| 005 |
20230404143140.3 |
| 008 |
090505s2010 uk a b 001 0 eng |
| 010 |
|
|
|a 2009018899
|
| 016 |
7 |
|
|a 101504140
|2 DNLM
|
| 020 |
|
|
|a 9780195398441 (cloth : alk. paper)
|
| 020 |
|
|
|a 0195398440 (cloth : alk. paper)
|
| 029 |
1 |
|
|a NLM
|b 101504140
|
| 035 |
|
|
|a (OCoLC)646051709
|
| 035 |
|
|
|z (UtOrBLW)50748
|
| 035 |
|
|
|a 71490
|
| 040 |
|
|
|a DNLM/DLC
|c DLC
|d NLM
|d C#P
|d YDXCP
|d TMV
|d UtOrBLW
|
| 042 |
|
|
|a pcc
|
| 049 |
|
|
|a TMVM
|c 1
|
| 050 |
0 |
0 |
|a RB155.5
|b .H86 2010
|
| 060 |
1 |
0 |
|a QZ 50
|b H91674 2010
|
| 060 |
|
4 |
|a QZ 50
|b H9181 2010
|
| 082 |
0 |
0 |
|a 616/.042
|2 22
|
| 245 |
0 |
0 |
|a Human genome epidemiology :
|b building the evidence for using genetic information to improve health and prevent disease /
|c edited by Muin J. Khoury [and others].
|
| 250 |
|
|
|a Second edition.
|
| 264 |
|
1 |
|a Oxford ;
|a New York :
|b Oxford University Press,
|c 2010.
|
| 300 |
|
|
|a xxiii, 676 pages :
|b illustrations ;
|c 25 cm.
|
| 336 |
|
|
|a text
|2 rdacontent
|b txt
|
| 337 |
|
|
|a unmediated
|2 rdamedia
|
| 338 |
|
|
|a volume
|2 rdacarrier
|b nc
|
| 504 |
|
|
|a Includes bibliographical references and index.
|
| 650 |
|
0 |
|a Genetic disorders
|x Epidemiology.
|
| 650 |
|
0 |
|a Medical genetics
|x Methodology.
|
| 650 |
|
0 |
|a Genomics.
|
| 650 |
|
2 |
|a Genetics, Medical
|x methods.
|
| 650 |
|
2 |
|a Genetic Diseases, Inborn
|x epidemiology.
|
| 650 |
|
2 |
|a Genetic Predisposition to Disease
|x epidemiology.
|
| 650 |
|
2 |
|a Genetic Testing.
|
| 650 |
|
2 |
|a Genome, Human.
|
| 650 |
|
2 |
|a Genomics.
|
| 700 |
1 |
|
|a Khoury, Muin J.
|
| 999 |
|
|
|a MARS
|
| 999 |
f |
f |
|s 0e2da0b1-8344-389b-b492-deefdaae5443
|i 7e24e6ee-a702-3165-a187-0493961bb655
|t 0
|
| 952 |
f |
f |
|p ric
|a Texas A&M University
|b Rellis Campus
|c Joint Library Facility
|d Remote Storage
|t 0
|e QZ 50 H9181 2010
|h National Library of Medicine classification
|i unmediated -- volume
|m 323890209688F
|
| 998 |
f |
f |
|a QZ 50 H9181 2010
|t 0
|l Remote Storage
|